000 01156cam a2200313I 4500
001 4601534
003 ARRUPE
005 20140925135231.0
008 750228s1960 pau b 000 0 eng u
010 _a60005053
035 _a(OCoLC)ocm01193733
035 _a(NNC)4601534
040 _cOTC
_dPLT
_dOCL
_dOCLCQ
041 1 _aeng
_hgmh
050 0 _aBV5080
_b.M46
098 _aJG4
100 1 _aMerswin, Rulman,
_d1307-1382.
_911711
245 1 0 _aMystical writings.
_cEdited and interpreted by Thomas S. Kepler.
260 _aPhiladelphia,
_bWestminster Press
_c[1960]
300 _a143 p.
_c21 cm.
500 _aContains a translation of the author's Vier anfangende Jahre (The four beginning years) and Das Buch von den neun Felsen (The book of the nine rocks).
504 _aBibliography: p. 35-36.
650 0 _aMysticism
_xHistory
_yMiddle Ages, 600-1500.
_92246
700 1 _aMerswin, Rulman,
_d1307-1382.
_tVier anfangende Jahre.
_911712
700 1 _aMerswin, Rulman,
_d1307-1382.
_tNeunfelsenbuch.
_911713
700 1 _aKepler, Thomas S.
_q(Thomas Samuel),
_d1897-,
_eeditor,
_etranslator.
_911714
942 _2lcc
_cMONOGRAPH
999 _c120974
_d120974